| 000 | 00527nam a2200205Ia 4500 | ||
|---|---|---|---|
| 005 | 20240823013224.0 | ||
| 008 | 240823s9999||||xx |||||||||||||| ||und|| | ||
| 020 | _a81-7808-574-7 | ||
| 041 | _aENGLISH | ||
| 082 | _A004.165 P2 | ||
| 100 | _aMuhammad Ali Mazidi | ||
| 245 | 4 | _aThe 8051 Microcontroller and Embedded Systems | |
| 250 | _a1st | ||
| 260 |
_c2003 _b"Pearson," |
||
| 500 | _aTRANSFERED | ||
| 650 |
_aMicro Computer _bComputer Science |
||
| 700 | _a Janice Gillispie Mazidi | ||
| 942 | _cBK | ||
| 999 |
_c166626 _d166626 |
||